| 000 | 00385nam a2200169Ia 4500 | ||
|---|---|---|---|
| 001 | 1613 | ||
| 003 | IN-NITTTR | ||
| 005 | 20251114232917.0 | ||
| 008 | 251113s9999||||xx |||||||||||||| ||eng|| | ||
| 040 | _beng | ||
| 040 | _cIN-NITTTR | ||
| 041 | _aeng | ||
| 082 | _a539 M E | ||
| 100 | _aMurphy, Glenn | ||
| 245 | 0 |
_aElements of nuclelar engineering / _cMurphy, Glenn |
|
| 942 |
_2ddc _cBK |
||
| 999 |
_c2217 _d2217 |
||